[Event "CZE-chT2F 1011"]
[Site "Czech Republic"]
[Date "2011.03.27"]
[Round "10.7"]
[White "Hota, Petr"]
[Black "Vitasek, Jan"]
[Result "0-1"]
[WhiteElo "2022"]
[BlackElo "2056"]
[PlyCount "52"]
[EventDate "2010.10.17"]
[EventType "team-tourn"]
[EventRounds "11"]
[EventCountry "CZE"]
[SourceTitle "EXT 2012"]
[Source "ChessBase"]
[SourceDate "2011.11.24"]
[SourceVersion "1"]
[SourceVersionDate "2011.11.24"]
[SourceQuality "1"]
[WhiteTeam "Trinec III"]
[BlackTeam "Benesov"]
[WhiteTeamCountry "CZE"]
[BlackTeamCountry "CZE"]

1. e4 e5 2. Nc3 Bc5 3. Bc4 c6 4. Nf3 d6 5. d4 exd4 6. Nxd4 Qf6 7. Be3 Qg6 8. Qf3 Nf6 9. h3 0-0 10. 0-0-0 a6 11. g4 Nbd7 12. Nf5 Re8 13. Bxc5 Ne5 14. Qe2 dxc5 15. Nd6 Qg5+ 16. Kb1 Rf8 17. f4 Qxf4 18. Rdf1 Qh6 19. g5 Qxg5 20. Nxc8 Raxc8 21. Rf5 Qg3 22. Qf1 Nxc4 23. Qxc4 Rce8 24. Qxc5 Nxe4 25. Nxe4 Rxe4 26. Rg5 Re1+ 0-1

[Event "CZE-chT2F 0910"]
[Site "Czech Republic"]
[Date "2010.03.28"]
[Round "10"]
[White "Vizner, Jaroslav"]
[Black "Hota, Petr"]
[Result "1-0"]
[WhiteElo "1931"]
[BlackElo "2027"]
[PlyCount "55"]
[EventDate "2009.10.18"]
[EventType "team-tourn"]
[EventRounds "11"]
[EventCountry "CZE"]
[SourceTitle "EXT 2012"]
[Source "ChessBase"]
[SourceDate "2011.11.24"]
[SourceVersion "1"]
[SourceVersionDate "2011.11.24"]
[SourceQuality "1"]
[WhiteTeam "Havirov"]
[BlackTeam "Trinec III"]
[WhiteTeamCountry "CZE"]
[BlackTeamCountry "CZE"]

1. e4 e6 2. e5 d5 3. exd6 Bxd6 4. d4 Ne7 5. Bd3 Nbc6 6. c3 e5 7. Ne2 exd4 8. Nxd4 Nxd4 9. cxd4 Bf5 10. 0-0 0-0 11. Nc3 Bxd3 12. Qxd3 Nc6 13. Be3 f5 14. f4 Qf6 15. Rf3 Rad8 16. a3 Rf7 17. Rd1 Bc5 18. d5 Bxe3+ 19. Rxe3 Re7 20. Rxe7 Nxe7 21. Qc4 Qb6+ 22. Kf1 Kf8 23. Re1 Re8 24. Re6 Qxb2 25. Qxc7 Qd2 26. Re2 Qd3 27. Qe5 Rc8 28. Qxe7+ 1-0

[Event "Moravia-Silesia Region-chT 0708"]
[Site "Czech Republic"]
[Date "2008.02.10"]
[Round "7.7"]
[White "Prokop, Tomas"]
[Black "Hota, Petr"]
[Result "1/2-1/2"]
[WhiteElo "1807"]
[BlackElo "2077"]
[PlyCount "46"]
[EventDate "2007.10.28"]
[EventType "team-tourn"]
[EventRounds "11"]
[EventCountry "CZE"]
[SourceTitle "EXT 2024"]
[Source "ChessBase"]
[SourceDate "2023.10.10"]
[SourceVersion "1"]
[SourceVersionDate "2023.10.10"]
[SourceQuality "1"]

1. c4 Nf6 2. Nf3 e6 3. Nc3 c5 4. g3 Nc6 5. Bg2 d5 6. cxd5 exd5 7. d4 Ne4 8. 0-0 Nxc3 9. bxc3 c4 10. Re1 f5 11. Bf4 Bd6 12. Ne5 Be6 13. Nxc6 bxc6 14. Bxd6 Qxd6 15. e3 Qa3 16. Qc1 Qxc1 17. Rexc1 Rb8 18. Rab1 Kd7 19. Kf1 Bf7 20. Ke2 Bg6 21. f4 Rhe8 22. Kd2 Bh5 23. Re1 g6 1/2-1/2